Tốc độ tư duy = Bussiness@The speed of thought
Sparad:
| Huvudupphovsman: | |
|---|---|
| Materialtyp: | Bok |
| Språk: | Undetermined |
| Publicerad: |
Thành phố Hồ Chí Minh
Trẻ
2004
|
| Ämnen: | |
| Taggar: |
Lägg till en tagg
Inga taggar, Lägg till första taggen!
|
| Thư viện lưu trữ: | Trung tâm Học liệu Trường Đại học Cần Thơ |
|---|
| LEADER | 00655nam a2200193Ia 4500 | ||
|---|---|---|---|
| 001 | CTU_93362 | ||
| 008 | 210402s9999 xx 000 0 und d | ||
| 082 | |a 658.47 | ||
| 082 | |b G259 | ||
| 100 | |a Gates, Bill | ||
| 245 | 0 | |a Tốc độ tư duy = | |
| 245 | 0 | |b Bussiness@The speed of thought | |
| 245 | 0 | |c Bill Gates and Collins Hemingway; Nguyễn Văn Phước, Vũ Tài Hoa và Lê Hiền Thảo biên dịch | |
| 260 | |a Thành phố Hồ Chí Minh | ||
| 260 | |b Trẻ | ||
| 260 | |c 2004 | ||
| 650 | |a Business intelligence,Succcess in business | ||
| 904 | |i Năm | ||
| 980 | |a Trung tâm Học liệu Trường Đại học Cần Thơ | ||